00322nam a22001097a 4500003000400000020001900004082001900023100004300042245007200085260004700157300000800204SGT a97893577589700 a891.4309bK23S aसिन्हा, मुग्धा aक्या कहूँ मैं, मैं कौन हूँ  b वाणी प्रकाशन c2023 a138